000 00797nam a22002897a 4500
001 BR0305048
003 BR-BrBNA
005 20230928101408.0
007 ta
008 230509b bl.||||| |||| 00| 0 por d
040 _aBR-BrBNA
_bpor
_cBiblioteca Nacional de Agricultura
041 _a(Por)
072 _aE14
090 _ E14 BR0305048
100 1 _aMaluf, R.S.
245 1 _aAções públicas locais de apoio à produção de alimentos e à segurança alimentar
260 3 _aSão Paulo, SP (Brasil):
_c1999.
300 _a84 p.
650 _aPROJETO DE DESENVOLVIMENTO
650 _aPROGRAMA DE NUTRIÇÃO
650 _aNUTRIÇÃO HUMANA
650 _aPRODUÇÃO
650 _aALIMENTO
650 _aPOLÍTICA SOCIAL
909 _a202309
_bLucia
_c55
_dLucia Elande
942 _cBK
999 _c65607
_d65607